000 01112cam a2200313 i 4500
001 24694
003 BD-RjUL
005 20211209001103.0
008 140315m19601922U b 001 0 eng
035 _a(BD-RjUL)24763
040 _aDLC
_beng
_cDLC
_erda
_dBD-RjUL
041 1 _aeng
_agrc
_hgrc
082 0 0 _a937
_223
_bPOP 1960
100 0 _aPolybius.
_976008
245 1 4 _aPolybius:the histories.
_cPolybius; with an English translation by W. R. Paton.
_nV-1
260 _aLondon :
_bWilliam Heimenann ltd.;
_aCambridge, Mass. :
_bHarvard University Press,
_cc1922
_c [Reprinting 1960]
300 _a425+8 p.;
_c17 cm.
490 0 _aLOEB CLASSICAL LIBRARY
_v128
500 _a"In Six Volumes"
504 _aIncludes bibliographical references and indexes.
650 0 _aHistory, Ancient.
_976009
651 0 _aRome
_xHistory
_yRepublic, 510-30 B.C.
_974857
651 0 _aGreece
_xHistory
_y146 B.C.-323 A.D.
_975105
651 0 _aGreece
_xHistory
_yTo 146 B.C.
_975106
700 1 _aPaton, W. R.
_q(William Roger), tr.
_d1857-1921.
_975869
942 _2ddc
_cBK
999 _c24694
_d24694